LIBRARY & INFORMATION CENTRE, KCAET, TAVANUR

ONLINE PUBLIC ACCESS CATALOGUE (OPAC)

Philosophy of pesonality / (Record no. 1442)

MARC details
000 -LEADER
fixed length control field 00519cam a2200205ua 4500
041 ## - LANGUAGE CODE
Language code of text/sound track or separate title eng
082 ## - DEWEY DECIMAL CLASSIFICATION NUMBER
Classification number 126
Item number RAD/PH
100 ## - MAIN ENTRY--AUTHOR NAME
Personal name Radhakamal, Mukherjee .
245 ## - TITLE STATEMENT
Title Philosophy of pesonality /
250 ## - EDITION STATEMENT
Edition statement 1 /
260 ## - PUBLICATION, DISTRIBUTION, ETC. (IMPRINT)
Place of publication Mumbai :
Name of publisher Allied Publishers Pvt Ltd ,
Year of publication 1963.
300 ## - PHYSICAL DESCRIPTION
Number of Pages 237 ; .
500 ## - GENERAL NOTE
General note **Reference
942 ## - ADDED ENTRY ELEMENTS (KOHA)
Koha item type Books
Holdings
Withdrawn status Lost status Damaged status Home library Current library Date acquired Cost, normal purchase price Full call number Accession Number Koha item type Public note
Withdrawn     KAUAET Central Prison Tavanur 07/04/2012 16.50 126 7868 Books Transferred to Central Prison
Withdrawn     KAUAET Sanskrit University 07/04/2012   126 4075 Reference  
free website counter